Comprendre et organiser le traitement automatique de l'information
Sábháilte in:
| Príomhchruthaitheoirí: | , |
|---|---|
| Formáid: | LEABHAR |
| Teanga: | Fraincis |
| Foilsithe / Cruthaithe: |
París
Dunod
1967
|
| Eagrán: | 3a. ed |
| Ábhair: | |
| Clibeanna: |
Cuir clib leis
Níl clibeanna ann, Bí ar an gcéad duine le clib a chur leis an taifead seo!
|
MARC
| LEADER | 00000nam a2200000 a 4500 | ||
|---|---|---|---|
| 001 | UCT7614 | ||
| 003 | CL-VaPUC | ||
| 008 | 970123e19670000FR |||||||||||||||||fre|d | ||
| 082 | 0 | 4 | |a 005.7 |b BER |2 21 |
| 100 | 0 | |a Bernard, J |e author |9 378644 | |
| 700 | 0 | |a Grandpierre, A |e author |9 378645 | |
| 245 | 1 | 0 | |a Comprendre et organiser le traitement automatique de l'information |
| 250 | |a 3a. ed | ||
| 300 | |a 486 p | ||
| 942 | |c BK | ||
| 945 | |d 19970123 00:00:00 |a nastorga | ||
| 260 | |a París |b Dunod |c 1967 | ||
| 650 | 0 | |a Gestión de la información |9 362327 | |
| 650 | 0 | |a Automatización |9 299909 | |
| 650 | 0 | |a Programación de computadores |9 259531 | |
| 650 | 0 | |a Lenguajes de programación |9 259458 | |
| 650 | 0 | |a Software |9 387312 | |
| 583 | |a last modification |c 20150107 10:31:12 |k Rodrigo Vera | ||
| 999 | |c 256177 |d 256175 | ||
| 952 | |0 0 |1 0 |4 0 |6 005_700000000000000_BER_1967 |7 0 |8 P |9 278761 |a BIBGIM |b BIBGIM |d 2019-11-19 |i 3281876 |o 005.7 BER 1967 |p 3281876 |r 2025-01-15 |w 2019-11-19 |y BK |k COM | ||